000 00463nam a2200181Ia 4500
005 20250508162313.0
008 008 250505s9999 xx 000 0 eng d
037 _aTextual
040 _aFEDL
_beng
_cFEDL
041 _aeng
_2eng
084 _a371.8, GRE
_qFEDL
100 _aGreig T O
_992015
245 0 _aActivity methods in the middle years
260 _c1975
300 _a88p.
942 _cTEXL
_h371.8, GRE
999 _c1375712
_d1375712